Με τον διωγμό στην ψυχή : το τραύμα της μικρασιατικής καταστροφής σε τρεις γενιές
Αποθηκεύτηκε σε:
| Κύριος συγγραφέας: | |
|---|---|
| Μορφή: | Βιβλίο |
| Γλώσσα: | Greek |
| Δημοσίευση: |
Αθήνα :
Κέδρος,
2014.
|
| Θέματα: | |
| Ετικέτες: |
Προσθήκη ετικέτας
Δεν υπάρχουν, Καταχωρήστε ετικέτα πρώτοι!
|
MARC
| LEADER | 00000cam a2200000 a 4500 | ||
|---|---|---|---|
| 001 | 1/109207 | ||
| 008 | 151022s2014####gr a ||| |||| ||gre|| | ||
| 020 | |a 9789600445244 | ||
| 040 | |a GR-MyUa |b gre |c GR-MyUa |e AACR2 | ||
| 041 | 0 | |a gre | |
| 082 | 7 | |a 938.726 |2 (23) | |
| 100 | 1 | |a Arcel, Libby T. | |
| 245 | 1 | 0 | |a Με τον διωγμό στην ψυχή : |b το τραύμα της μικρασιατικής καταστροφής σε τρεις γενιές / |c Λίμπυ Τατά Αρσέλ. |
| 260 | |a Αθήνα : |b Κέδρος, |c 2014. | ||
| 300 | |a 526 σ. |c 24 εκ. | ||
| 500 | |a Επίμετρο: Χριστίνα Παπαδοπούλου. | ||
| 650 | 0 | |a Greco-Turkish War, 1921-1922 |x Psychological aspects. | |
| 650 | 0 | |a Greeks |x Mental health. | |
| 852 | |a INST |b LESVOS |e 20151022 |h 938.726 ARC |p 005100058008 |q 005100058008 |t BK |y 4 |x 20220809 | ||
| 970 | |a Τζαφέρη |b Ευαγγελία |z 22-10-2015 | ||